00241nam a2200073Ia 4500082001900000245006700019100004000086008004100126 a641.56314 LATE 0aSouth African cookbook for diabetics and insulin resistance 2  a LATEGAN, Hilda Cape Town, 2010 210817s9999 xx 000 0 und d